00411nam a22001457a 4500008004100000020001800041040005500059080002100114100002200135245002500157260004400182300001400226650001300240653001200253230621b |||||||| |||| 00| 0 eng d a9780710008473 aNational Science LibrarycNational Science Library aR 620.9(038)bM1 aCounihan, Martin  aDictionary of energy aLondon: bRoutledge & Kegan Paul,c1981 ax, 157p.  aScience  aEnergy